Practical manual for semi-intensive commercial production of marine shrimp

This book represents a significant step toward defining the basic principles and most important steps in the pond culture of marine shrimp.

Gorde:
Xehetasun bibliografikoak
Egile nagusia: Villalon, Jose R.
Formatua: Liburua
Hizkuntza:Undetermined
Argitaratua: Galveston University Sea Grant College Program 1991
Gaiak:
Etiketak: Etiketa erantsi
Etiketarik gabe, Izan zaitez lehena erregistro honi etiketa jartzen!
Thư viện lưu trữ: Trung tâm Học liệu Trường Đại học Cần Thơ
LEADER 00721nam a2200193Ia 4500
001 CTU_230101
008 210402s9999 xx 000 0 und d
082 |a 639.6 
082 |b V714 
100 |a Villalon, Jose R. 
245 0 |a Practical manual for semi-intensive commercial production of marine shrimp 
245 0 |c Jose R. Villalon 
260 |a Galveston 
260 |b University Sea Grant College Program 
260 |c 1991 
520 |a This book represents a significant step toward defining the basic principles and most important steps in the pond culture of marine shrimp. 
650 |a Shrimps culture,Nuôi tôm càng xanh 
910 |a Tuyen 
980 |a Trung tâm Học liệu Trường Đại học Cần Thơ